000 00854nam a22003017a 4500
001 0026211
003 KOHA_MİRAKIL
005 20260207003420.0
007 ta
008 130801b2013 tu |||gr||||#||||0|tur |
020 _a978605639090319
040 _aTR-BiSEU
_btur
_cTR-BiSEU
_erda
041 0 _atur
044 _ctu
050 _aQA76.9
_b.C36 2013
100 1 _aCanlı, Mustafa.
245 1 _aSiber güvenlik/
_cMustafa Canlı ; Mustafa Canlı.
246 _aRapor Nisan 2013
264 1 _a[y.y.] :
_bAnkara Siyasal ve Ekonomik Araştırma Merkezi
_c2013
300 _a36 sayfa; 29 cm.
336 _ametin
_btxt
_2rdacontent
337 _aaracısız
_bn
_2rdamedia
338 _acilt
_bnc
_2rdacarrier
500 _aKaynakça var.
650 0 _aSecurity--Cyber.
_982547
650 0 _aGüvenlik--Siber.
_982548
942 _2lcc
_cBK
999 _c44054
_d44054